Score 0/25 Timer 07:00
0 Plays Today
Title (A) Compound Word % Correct
The _____ of Monte Cristo (1844)Countdown
92.8%
One Flew _____ the Cuckoo's Nest (1962)Overnight
90.4%
To _____ a Mockingbird (1960)Killjoy
78%
The _____ in the Willows (1908)Windfall
77.5%
The Hitchhiker's _____ to the Galaxy (1979)Guidebook
76.1%
A Room with a _____ (1908)Viewpoint
74%
The Remains of the _____ (1989)Daydream
72.3%
Go _____ it on the Mountain (1953)Telltale
67.2%
Little _____ on the Prairie (1935)Housekeeper
65.6%
The _____ of Our Discontent (1961)Wintertime
61.7%
Catching _____ (2009)Fireman
59.3%
Vanity _____ (1847)Fairground
58.3%
No _____ for Old Men (2005)Countryside
58.2%
Title (A) Compound Word % Correct
Into the _____ (1996)Wildlife
57.6%
The _____ Who Came in from the Cold (1963)Spyglass
57.2%
The Name of the _____ (1980)Rosemary
46.3%
The Hunt for _____ October (1984)Redwood
45.9%
House of _____ and Fog (1999)Sandstorm
36.5%
The _____ Whisperer (1995)Horsepower
27.4%
Agnes _____ (1847)Greyhound
26.3%
_____ Fidelity (1995)Highlight
22.9%
_____ the Volcano (1947)Underwater
22.5%
____ of the Sea (2004)Starfish
8.6%
Battlefield _____ (1982)Earthworm
8.2%
At _____-Two-Birds (1939)Swimsuit
5.9%
Remove Ads.
Support Sporcle.
Get the best of Sporcle when you Go Orange. This ad-free experience offers more features, more stats, and more fun while also helping to support Sporcle. Thank you for becoming a member.

You're not logged in!

Compare scores with friends on all Sporcle quizzes.
OR
Log In

Show Comments

Extras

Top Quizzes Today


Score Distribution

Your Account Isn't Verified!

In order to create a playlist on Sporcle, you need to verify the email address you used during registration. Go to your Sporcle Settings to finish the process.

Report this User

Report this user for behavior that violates our Community Guidelines.

Details: